=LDR 00000nam 2200000 4500 =001 INLIS000000000062195 =005 20230614081846 =035 ##$$a 0010-0623000036 =007 ta =008 230614###########################0###### =020 ##$$a 979-8767-02-0 =082 ##$$a 347.05 =084 ##$$a 347.05 SOI h =100 #$$a Soimin, Soedharyo =245 1#$$a Himpunan Yurisprudensi Tentang Hukum Perdata /$c Soedharyo Soimin, S.H =260 ##$$a Jakarta :$b Sinar Grafika,$c 2005 =300 ##$$a v,264 hlm =990 ##$$a 20605351